Life is for growth. (Record no. 13071)

000 -LEADER
fixed length control field 00659nam a2200205 a 4500
001 - CONTROL NUMBER
control field :::00010889$&:&@@
003 - CONTROL NUMBER IDENTIFIER
control field OkBaRHE
005 - DATE AND TIME OF LATEST TRANSACTION
control field 20000607103403.0
008 - FIXED-LENGTH DATA ELEMENTS--GENERAL INFORMATION
fixed length control field s1977 j 000 0 eng u
040 ## - CATALOGING SOURCE
Transcribing agency
100 1# - MAIN ENTRY--PERSONAL NAME
Personal name Stoesz, Samuel J.
245 10 - TITLE STATEMENT
Title Life is for growth.
260 ## - PUBLICATION, DISTRIBUTION, ETC. (IMPRINT)
Place of publication, distribution, etc Harrisburg, PA., :
Name of publisher, distributor, etc Christian Publications
Date of publication, distribution, etc c1977
300 ## - PHYSICAL DESCRIPTION
Extent 115 p. ;
Dimensions 22 cm.
490 0# - SERIES STATEMENT
Series statement Christian life and ministry series.
650 ## - SUBJECT ADDED ENTRY--TOPICAL TERM
Topical term or geographic name as entry element Christian Life
General subdivision Baptist Authors
650 ## - SUBJECT ADDED ENTRY--TOPICAL TERM
Topical term or geographic name as entry element Christian Life
General subdivision Biblical Teaching
942 ## - ADDED ENTRY ELEMENTS (KOHA)
Source of classification or shelving scheme
Koha item type Books
Copies
Date last seen Full call number Permanent Location Source of classification or shelving scheme Price effective from Lost status Withdrawn status Damaged status Barcode Shelving location Copy number Not for loan Date acquired Koha item type
2010-04-14BV 4501.2 .S767RHEMA Bible Training College 2010-04-14   10889General Stacks1 2010-04-14Books